UBT Library

Foundations of library and information science / (Record no. 39077)

000 -LEADER
fixed length control field 00808cam a2200241 a 4500
001 - CONTROL NUMBER
control field 13511682
005 - DATE AND TIME OF LATEST TRANSACTION
control field 20171218072107.0
008 - FIXED-LENGTH DATA ELEMENTS--GENERAL INFORMATION
fixed length control field 040304s2004 nyu b 001 0 eng
010 ## - LIBRARY OF CONGRESS CONTROL NUMBER
LC control number 2004046010
020 ## - INTERNATIONAL STANDARD BOOK NUMBER
International Standard Book Number 1555705189 (pbk. : alk. paper)
040 ## - CATALOGING SOURCE
Original cataloging agency DLC
Transcribing agency DLC
Modifying agency DLC
041 ## - LANGUAGE CODE
Language code of text/sound track or separate title eng
043 ## - GEOGRAPHIC AREA CODE
Geographic area code n-us---
080 ## - UNIVERSAL DECIMAL CLASSIFICATION NUMBER
Universal Decimal Classification number 020.973
082 00 - DEWEY DECIMAL CLASSIFICATION NUMBER
Classification number L 020.973 RUB
Edition number 22
100 1# - Rafti
Rafti 0
101 ## - Shkurtesa
Shkurtesa LIB
245 10 - TITLE STATEMENT
Title Foundations of library and information science /
Statement of responsibility, etc Richard E. Rubin.
504 ## - BIBLIOGRAPHY, ETC. NOTE
Bibliography, etc Includes bibliographical references and index.
906 ## - LOCAL DATA ELEMENT F, LDF (RLIN)
a 7
b cbc
c orignew
d 1
e ocip
f 20
g y-gencatlg
942 ## - ADDED ENTRY ELEMENTS (KOHA)
Source of classification or shelving scheme
Item type Books
Holdings
Withdrawn status Lost status Source of classification or shelving scheme Damaged status Not for loan Collection code Permanent location Current location Shelving location Date acquired Total Checkouts Full call number Barcode Date last seen Price effective from Koha item type
          Koleksioni i përgjithshem UBT - Lipjan UBT - Lipjan Koleksioni i përgjithshem 12/18/2017   L 020.973 RUB 002-2939628 12/18/2017 12/18/2017 Books
UBT Library © 2015-2024. All rights reserved University Education for Business and Technology